IMF Survey : Volume 28, Issue 20.

Following are edited extracts of an address by IMF Managing Director Michel Camdessus at the Konrad Adenauer Foundation in Frankfurt on October 11. The full text is available on the IMF's website (www.imf.org).

Bibliografske podrobnosti
Korporativna značnica: International Monetary Fund. External Relations Dept
Format: Revija
Jezik:English
Izdano: Washington, D.C. : International Monetary Fund, 1999.
Serija:IMF Survey; IMF Survey ; No. 0028/020
Online dostop:Full text available on IMF
LEADER 01224cas a2200241 a 4500
001 AALejournalIMF010357
008 230101c9999 xx r poo 0 0eng d
020 |c 5.00 USD 
020 |z 9781451926644 
022 |a 0047-083X 
040 |a BD-DhAAL  |c BD-DhAAL 
110 2 |a International Monetary Fund.  |b External Relations Dept. 
245 1 0 |a IMF Survey :   |b Volume 28, Issue 20. 
264 1 |a Washington, D.C. :  |b International Monetary Fund,  |c 1999. 
300 |a 1 online resource (16 pages) 
490 1 |a IMF Survey 
500 |a <strong>Off-Campus Access:</strong> No User ID or Password Required 
500 |a <strong>On-Campus Access:</strong> No User ID or Password Required 
506 |a Electronic access restricted to authorized BRAC University faculty, staff and students 
520 3 |a Following are edited extracts of an address by IMF Managing Director Michel Camdessus at the Konrad Adenauer Foundation in Frankfurt on October 11. The full text is available on the IMF's website (www.imf.org). 
538 |a Mode of access: Internet 
830 0 |a IMF Survey; IMF Survey ;  |v No. 0028/020 
856 4 0 |z Full text available on IMF  |u http://elibrary.imf.org/view/journals/023/0028/020/023.0028.issue-020-en.xml  |z IMF e-Library